[Event "Ottawa National Capital op"]
[Site "Ottawa"]
[Date "2014.11.01"]
[Round "3"]
[White "Zhou, Qiyu"]
[Black "Djerkovic, Miladin"]
[Result "1-0"]
[WhiteElo "2221"]
[BlackElo "2179"]
[PlyCount "85"]
[EventDate "2014.10.31"]
[EventType "swiss"]
[EventRounds "5"]
[EventCountry "CAN"]
[SourceTitle "EXT 2022"]
[Source "ChessBase"]
[SourceDate "2021.10.06"]
[SourceVersion "1"]
[SourceVersionDate "2021.10.06"]
[SourceQuality "1"]

1. d4 Nf6 2. Nf3 e6 3. e3 c5 4. Bd3 b6 5. 0-0 Bb7 6. c4 Be7 7. Nc3 cxd4 8. exd4 0-0 9. d5 h6 10. Bc2 Bb4 11. Ne4 exd5 12. Nxf6+ Qxf6 13. a3 Bd6 14. cxd5 Rc8 15. Qd3 Rxc2 16. Qxc2 Bxd5 17. Qd3 Bb7 18. Rd1 Bc7 19. Bd2 Nc6 20. Bc3 Qf4 21. Qd2 Qa4 22. Re1 Rd8 23. Nd4 Qc4 24. Nf5 Qg4 25. Ng3 d5 26. Qe2 Qg6 27. Rac1 d4 28. Bd2 Qd6 29. Qh5 Qd5 30. Re8+ Kh7 31. Rxd8 Qxh5 32. Nxh5 Bxd8 33. Re1 Kg6 34. Nf4+ Kf5 35. h3 g5 36. g4+ Kf6 37. Nh5+ Kg6 38. Re8 Kh7 39. b4 Bc7 40. b5 Ne5 41. Bb4 Bd5 42. Nf6+ Kg7 43. Nxd5 1-0

[Event "Outaouais op "]
[Site "Gatineau"]
[Date "2014.06.08"]
[Round "4"]
[White "Hebert, Jean"]
[Black "Djerkovic, Miladin"]
[Result "1-0"]
[WhiteElo "2448"]
[BlackElo "2242"]
[PlyCount "51"]
[EventDate "2014.06.06"]
[EventType "swiss"]
[EventRounds "5"]
[EventCountry "CAN"]
[SourceTitle "EXT 2015"]
[Source "ChessBase"]
[SourceDate "2014.11.20"]
[SourceVersion "1"]
[SourceVersionDate "2014.11.20"]
[SourceQuality "1"]

1. c4 Nf6 2. Nc3 e6 3. d4 Bb4 4. e3 c5 5. Nge2 b6 6. a3 Ba5 7. Rb1 Na6 8. Bd2 Bb7 9. f3 0-0 10. d5 exd5 11. cxd5 b5 12. Nxb5 Nxd5 13. Kf2 Bxd2 14. Qxd2 Qb6 15. Ng3 Rfe8 16. e4 Nac7 17. exd5 Nxb5 18. Bc4 Nd6 19. b3 a5 20. Qf4 Ba6 21. Rhc1 Rab8 22. Nh5 Rec8 23. Qg5 Ne8 24. Re1 g6 25. Bxa6 Qxa6 26. Qh6 1-0

[Event "Mauricie op"]
[Site "Trois Rivieres "]
[Date "2014.03.16"]
[Round "4"]
[White "Djerkovic, Miladin"]
[Black "Lawson, Eric"]
[Result "1/2-1/2"]
[WhiteElo "2234"]
[BlackElo "2384"]
[PlyCount "59"]
[EventDate "2014.03.14"]
[EventType "swiss"]
[EventRounds "5"]
[EventCountry "CAN"]
[SourceTitle "EXT 2015"]
[Source "ChessBase"]
[SourceDate "2014.11.20"]
[SourceVersion "1"]
[SourceVersionDate "2014.11.20"]
[SourceQuality "1"]

1. e4 c5 2. Nf3 d6 3. d4 cxd4 4. Nxd4 Nf6 5. Nc3 a6 6. h3 e5 7. Nde2 b5 8. g4 Bb7 9. Bg2 b4 10. Nd5 Nxd5 11. exd5 Nd7 12. a3 a5 13. Ng3 g6 14. h4 Be7 15. h5 Rg8 16. Be3 Qc7 17. hxg6 hxg6 18. axb4 axb4 19. Rxa8+ Bxa8 20. Qa1 Bb7 21. Qa7 f5 22. gxf5 gxf5 23. Rh7 f4 24. Nf5 Bf8 25. Bb6 Qxc2 26. Qxb7 Qc1+ 27. Ke2 Qc2+ 28. Ke1 Qc1+ 29. Ke2 Qc2+ 30. Ke1 1/2-1/2

[Event "Mauricie op"]
[Site "Trois Rivieres "]
[Date "2014.03.16"]
[Round "5"]
[White "Luksza, Arkadiusz"]
[Black "Djerkovic, Miladin"]
[Result "1-0"]
[WhiteElo "2157"]
[BlackElo "2234"]
[PlyCount "61"]
[EventDate "2014.03.14"]
[EventType "swiss"]
[EventRounds "5"]
[EventCountry "CAN"]
[SourceTitle "EXT 2015"]
[Source "ChessBase"]
[SourceDate "2014.11.20"]
[SourceVersion "1"]
[SourceVersionDate "2014.11.20"]
[SourceQuality "1"]

1. d4 Nf6 2. c4 e5 3. dxe5 Ng4 4. Nf3 Bc5 5. e3 Nc6 6. Nc3 Ngxe5 7. Be2 0-0 8. a3 a5 9. Ne4 Ba7 10. Bd2 d6 11. 0-0 Nxf3+ 12. Bxf3 Ne5 13. Be2 Be6 14. Rc1 f5 15. Ng3 Qh4 16. f4 Nc6 17. Rf3 g5 18. Nf1 g4 19. Rf2 Qe7 20. b4 axb4 21. axb4 Bb6 22. Bc3 Nb8 23. Bd4 Nd7 24. Qc2 Nf6 25. Bd3 Nh5 26. g3 c5 27. bxc5 Bxc5 28. Bxc5 dxc5 29. e4 fxe4 30. Bxe4 Nf6 31. Re2 1-0

[Event "Ottawa RA November op"]
[Site "Ottawa"]
[Date "2013.11.10"]
[Round "5"]
[White "Filipovich, David"]
[Black "Djerkovic, Miladin"]
[Result "1-0"]
[WhiteElo "2239"]
[BlackElo "2244"]
[PlyCount "87"]
[EventDate "2013.11.08"]
[EventType "swiss"]
[EventRounds "5"]
[EventCountry "CAN"]
[SourceTitle "EXT 2022"]
[Source "ChessBase"]
[SourceDate "2021.10.06"]
[SourceVersion "1"]
[SourceVersionDate "2021.10.06"]
[SourceQuality "1"]

1. Nf3 Nf6 2. g3 d5 3. Bg2 c5 4. 0-0 Nc6 5. d4 e6 6. c4 Be7 7. cxd5 exd5 8. Nc3 0-0 9. Bg5 c4 10. Ne5 Be6 11. Qd2 h6 12. Bxf6 Bxf6 13. f4 Ne7 14. e4 dxe4 15. Nxe4 Nc6 16. Nxf6+ Qxf6 17. Nxc6 bxc6 18. Bxc6 Rad8 19. d5 Bh3 20. Rf2 h5 21. Qc3 Qg6 22. Qxc4 h4 23. Qc3 Rd6 24. Re1 Rfd8 25. Rfe2 Qh5 26. Re5 f5 27. Re6 Bg4 28. Rxd6 Rxd6 29. Re6 Bf3 30. Rxd6 hxg3 31. hxg3 Qh1+ 32. Kf2 Qg2+ 33. Ke3 Qe2+ 34. Kd4 Qf2+ 35. Ke5 Qe2+ 36. Kxf5 Qe4+ 37. Kg5 Qe7+ 38. Rf6 Kh7 39. Qe5 Qd8 40. Qf5+ Kh8 41. Qh3+ Kg8 42. Qe6+ Kh7 43. Kf5 gxf6 44. Qf7+ 1-0

[Event "Mauricie op"]
[Site "Trois Rivieres "]
[Date "2013.03.17"]
[Round "4"]
[White "Chiku Ratte, Olivier Kenta"]
[Black "Djerkovic, Miladin"]
[Result "0-1"]
[WhiteElo "2153"]
[BlackElo "2287"]
[PlyCount "66"]
[EventDate "2013.03.15"]
[EventType "swiss"]
[EventRounds "5"]
[EventCountry "CAN"]
[SourceTitle "EXT 2014"]
[Source "ChessBase"]
[SourceDate "2013.11.20"]
[SourceVersion "1"]
[SourceVersionDate "2013.11.20"]
[SourceQuality "1"]

1. d4 d5 2. c4 e6 3. Nc3 c5 4. cxd5 cxd4 5. Qa4+ Bd7 6. Qxd4 exd5 7. e3 Nc6 8. Qd1 Nf6 9. Nf3 Bg4 10. Be2 Bc5 11. 0-0 0-0 12. Na4 Bd6 13. b3 Qe7 14. Bb2 Rad8 15. Rc1 Rfe8 16. Re1 Ne4 17. g3 Bb4 18. Bc3 Nxc3 19. Nxc3 d4 20. Nxd4 Nxd4 21. exd4 Bxc3 22. Rxc3 Bxe2 23. Qc2 Qe4 24. Qd2 Qg4 25. h3 Qh5 26. g4 Qa5 27. a3 Bb5 28. b4 Qb6 29. d5 Rxe1+ 30. Qxe1 Qd4 31. Rc5 Be8 32. Qc1 a6 33. Rc8 Qxd5 0-1

[Event "Trois-Rivieres Mauricie op"]
[Site "Trois Rivieres"]
[Date "2012.03.17"]
[Round "3"]
[White "Robichaud, Louis"]
[Black "Djerkovic, Miladin"]
[Result "1/2-1/2"]
[WhiteElo "2070"]
[BlackElo "2277"]
[PlyCount "95"]
[EventDate "2012.03.16"]
[EventType "swiss"]
[EventRounds "5"]
[EventCountry "CAN"]
[SourceTitle "EXT 2022"]
[Source "ChessBase"]
[SourceDate "2021.10.06"]
[SourceVersion "1"]
[SourceVersionDate "2021.10.06"]
[SourceQuality "1"]

1. e4 e5 2. Nf3 Nc6 3. Bb5 a6 4. Ba4 Nf6 5. 0-0 Be7 6. Re1 b5 7. Bb3 d6 8. c3 0-0 9. h3 Bb7 10. d4 Re8 11. Nbd2 Bf8 12. Bc2 g6 13. a3 Bg7 14. d5 Nb8 15. Nf1 c6 16. dxc6 Bxc6 17. Bg5 Qc7 18. Bxf6 Bxf6 19. Ne3 Nd7 20. Qd2 Nb6 21. Bb3 Rad8 22. Nd5 Nxd5 23. Bxd5 Bd7 24. Rad1 Be6 25. Re3 Be7 26. Rd3 Kg7 27. Ne1 h6 28. Nc2 Bg5 29. Qe2 a5 30. Kh2 Bc8 31. Rf3 f5 32. Qxb5 f4 33. b4 h5 34. Rfd3 Rf8 35. Qxa5 Qe7 36. f3 Bh4 37. Bc4 Bf2 38. R3d2 Qh4 39. Qc7+ Kh8 40. Rf1 Qg3+ 41. Kh1 Rd7 42. Qc6 Be3 43. Be6 Rdd8 44. Rxd6 Bxe6 45. Rxd8 Rxd8 46. Qxe6 Qg5 47. Qf7 Rd2 48. Qf8+ 1/2-1/2

[Event "CAN-ch"]
[Site "Guelph"]
[Date "2011.05.11"]
[Round "9"]
[White "Djerkovic, Miladin"]
[Black "Humphreys, Michael"]
[Result "1-0"]
[WhiteElo "2186"]
[BlackElo "2091"]
[PlyCount "79"]
[EventDate "2011.05.06"]
[EventType "swiss"]
[EventRounds "9"]
[EventCountry "CAN"]
[SourceTitle "CBM 142 Extra"]
[Source "ChessBase"]
[SourceDate "2011.06.27"]
[SourceVersion "1"]
[SourceVersionDate "2011.06.27"]
[SourceQuality "1"]

1. e4 c5 2. Nf3 g6 3. c4 Nc6 4. d4 cxd4 5. Nxd4 Bg7 6. Be3 Nf6 7. Nc3 0-0 8. Be2 d6 9. 0-0 Nxd4 10. Bxd4 Bd7 11. f3 a5 12. Qd2 Bc6 13. Be3 Nd7 14. Rab1 a4 15. Rfc1 Nc5 16. Bd1 Be5 17. b4 axb3 18. axb3 e6 19. b4 Na4 20. Bxa4 Bxa4 21. b5 Qa5 22. f4 Bg7 23. Ra1 Bxc3 24. Rxc3 Rfc8 25. Qd4 Qb4 26. Qf6 e5 27. Rac1 d5 28. fxe5 Qf8 29. exd5 Qg7 30. Qf4 Re8 31. Bd4 g5 32. Qf2 Qg6 33. Rf3 Rec8 34. e6 fxe6 35. Rf6 Qh5 36. Rf1 e5 37. Bxe5 Qe8 38. Qf5 Bc2 39. Qxg5+ Bg6 40. Re6 1-0

[Event "Trois-Rivieres Mauricie op"]
[Site "Trois Rivieres"]
[Date "2011.03.19"]
[Round "3"]
[White "Djerkovic, Miladin"]
[Black "Kovalyov, Anton"]
[Result "0-1"]
[WhiteElo "2280"]
[BlackElo "2584"]
[PlyCount "82"]
[EventDate "2011.03.18"]
[EventType "swiss"]
[EventRounds "5"]
[EventCountry "CAN"]
[SourceTitle "EXT 2022"]
[Source "ChessBase"]
[SourceDate "2021.10.06"]
[SourceVersion "1"]
[SourceVersionDate "2021.10.06"]
[SourceQuality "1"]

1. c4 e6 2. d4 Nf6 3. Nf3 b6 4. Nc3 Bb4 5. Bg5 Bb7 6. e3 h6 7. Bh4 g5 8. Bg3 Ne4 9. Qc2 Bxc3+ 10. bxc3 Nxg3 11. fxg3 g4 12. Ne5 Qg5 13. Qf2 f5 14. a4 Nc6 15. Nxc6 Bxc6 16. a5 Be4 17. Kd2 bxa5 18. Bd3 0-0 19. Rxa5 Qg6 20. h3 Rab8 21. Rb5 gxh3 22. Rxh3 a6 23. Rxb8 Rxb8 24. Bxe4 fxe4 25. Qf4 Rb2+ 26. Kc1 Rxg2 27. Qxc7 Rf2 28. Rh4 Qf7 29. Rg4+ Kh7 30. Rf4 Rxf4 31. exf4 Kg6 32. c5 a5 33. Kd2 a4 34. Ke3 a3 35. g4 a2 36. Qa5 e5 37. Qa6+ Kh7 38. f5 exd4+ 39. Kxd4 Qg7+ 40. f6 Qf7 41. c4 Qxf6+ 0-1

[Event "Canadian op"]
[Site "Ottawa"]
[Date "2007.07.08"]
[Round "2"]
[White "Djerkovic, Miladin"]
[Black "Huang, Richard"]
[Result "1-0"]
[WhiteElo "2189"]
[BlackElo "1862"]
[PlyCount "91"]
[EventDate "2007.07.07"]
[EventType "swiss"]
[EventRounds "10"]
[EventCountry "CAN"]
[SourceTitle "CBM 119 Extra"]
[Source "ChessBase"]
[SourceDate "2007.09.04"]
[SourceVersion "1"]
[SourceVersionDate "2007.09.04"]
[SourceQuality "1"]

1. e4 c5 2. Nf3 e6 3. d4 cxd4 4. Nxd4 Nc6 5. Nc3 Qc7 6. Be3 a6 7. Be2 Nf6 8. 0-0 Bb4 9. Na4 Nxe4 10. c4 Be7 11. Nxc6 bxc6 12. Qd4 Nf6 13. Nb6 Rb8 14. c5 e5 15. Qd3 0-0 16. f4 exf4 17. Rxf4 d5 18. b4 Ne4 19. Rff1 Bg5 20. Bxg5 Nxg5 21. Rab1 Rxb6 22. Qe3 Rb8 23. Qxg5 Re8 24. Bd3 Qe5 25. Bxh7+ Kxh7 26. Qh4+ Kg8 27. Rbe1 Qxe1 28. Rxe1 Rxe1+ 29. Qxe1 Be6 30. Qd2 Rd8 31. Qd4 Ra8 32. a4 Rb8 33. Kf2 f6 34. Qf4 Rc8 35. Qd6 Kf7 36. Ke3 g5 37. Kd4 Bf5 38. h4 gxh4 39. Qf4 Ke6 40. Qxh4 Rg8 41. Qh2 Rc8 42. Qd6+ Kf7 43. b5 axb5 44. a5 b4 45. a6 b3 46. Kc3 1-0

[Event "Canada zt"]
[Site "Toronto"]
[Date "2006.08.21"]
[Round "4"]
[White "Chung, Kevin"]
[Black "Djerkovic, Miladin"]
[Result "1-0"]
[WhiteElo "2047"]
[BlackElo "2225"]
[PlyCount "49"]
[EventDate "2006.08.18"]
[EventType "swiss"]
[EventRounds "9"]
[EventCountry "CAN"]
[SourceTitle "CBM 113 Extra"]
[Source "ChessBase"]
[SourceDate "2006.09.14"]
[SourceVersion "1"]
[SourceVersionDate "2006.09.14"]
[SourceQuality "1"]

1. e4 e5 2. Nf3 Nc6 3. d4 exd4 4. Nxd4 Bc5 5. Be3 Qf6 6. c3 Nge7 7. Bc4 b6 8. 0-0 Bb7 9. Nxc6 Bxc6 10. Bxc5 bxc5 11. Nd2 0-0 12. f4 d6 13. Qc2 Ng6 14. g3 Rae8 15. Rae1 Re7 16. e5 dxe5 17. fxe5 Qg5 18. Rf5 Qg4 19. e6 fxe6 20. Rxe6 Rxf5 21. Re4+ Kh8 22. Rxg4 Re1+ 23. Nf1 Rf8 24. Rxg6 Be4 25. Qd2 1-0

[Event "Canada zt"]
[Site "Toronto"]
[Date "2006.08.20"]
[Round "3"]
[White "Djerkovic, Miladin"]
[Black "Lipnowski, Samuel"]
[Result "0-1"]
[WhiteElo "2225"]
[BlackElo "2247"]
[PlyCount "81"]
[EventDate "2006.08.18"]
[EventType "swiss"]
[EventRounds "9"]
[EventCountry "CAN"]
[SourceTitle "CBM 113 Extra"]
[Source "ChessBase"]
[SourceDate "2006.09.14"]
[SourceVersion "1"]
[SourceVersionDate "2006.09.14"]
[SourceQuality "1"]

1. Nf3 Nf6 2. c4 e6 3. Nc3 Bb4 4. Qc2 c5 5. a3 Ba5 6. e3 Nc6 7. d4 d6 8. Be2 0-0 9. 0-0 e5 10. dxc5 dxc5 11. Rd1 Bd7 12. Nd5 Ne8 13. b4 cxb4 14. axb4 Nxb4 15. Nxb4 Bxb4 16. Nxe5 Qf6 17. Rxd7 Qxe5 18. Bb2 Qb8 19. Bf3 Nd6 20. Bxg7 Rd8 21. Rxd8+ Qxd8 22. Qb2 a5 23. Bd5 Rc8 24. Bf6 Qd7 25. Qe5 Qg4 26. h3 Qg6 27. Rd1 a4 28. e4 a3 29. Rd3 Re8 30. Qd4 b6 31. Qa1 Bc5 32. Kf1 Nxe4 33. Bxe4 Qxe4 34. Rg3+ Kf8 35. Bg7+ Ke7 36. Rg4 Qd3+ 37. Kg1 Kd7 38. Bd4 Qd2 39. Bc3 Qxf2+ 40. Kh1 a2 41. Rg5 0-1

[Event "Mauricie op"]
[Site "Trois Rivieres"]
[Date "2006.??.??"]
[Round "5"]
[White "Djerkovic, Miladin"]
[Black "Lawson, Eric"]
[Result "1-0"]
[WhiteElo "2261"]
[BlackElo "2404"]
[PlyCount "89"]
[EventDate "2006.03.17"]
[EventType "swiss"]
[EventRounds "5"]
[EventCountry "CAN"]
[SourceTitle "EXT 2007"]
[Source "ChessBase"]
[SourceDate "2006.11.23"]
[SourceVersion "1"]
[SourceVersionDate "2006.11.23"]
[SourceQuality "1"]

1. Nf3 Nf6 2. c4 c5 3. Nc3 e6 4. g3 b6 5. Bg2 Bb7 6. 0-0 a6 7. Re1 d6 8. d4 cxd4 9. Qxd4 Be7 10. e4 Nc6 11. Qd2 Qc7 12. b3 0-0 13. Bb2 Nd7 14. Red1 Rad8 15. Rac1 Qb8 16. h3 Rfe8 17. Qe2 Bf8 18. Nh2 Qa8 19. Nf1 Nc5 20. Ne3 Ne5 21. Qc2 Rc8 22. f4 Nc6 23. Qe2 b5 24. Ng4 b4 25. Nh6+ gxh6 26. Qg4+ Kh8 27. Nd5+ e5 28. Nf6 Bg7 29. Qf5 Bxf6 30. Qxf6+ Kg8 31. f5 Rcd8 32. Qxh6 f6 33. Qxf6 Rf8 34. Qg5+ Kh8 35. Qh6 Qb8 36. Rc2 Ba8 37. Rcd2 Nb7 38. c5 Qa7 39. Kh2 Qxc5 40. Rc1 Qb6 41. Rxd6 Qf2 42. Rd7 Qxg3+ 43. Kxg3 Rg8+ 44. Kh2 Rxd7 45. Rxc6 1-0

[Event "Ontario Closed"]
[Site "Ottawa"]
[Date "2005.03.06"]
[Round "5"]
[White "Noritsyn, Nikolay"]
[Black "Djerkovic, Miladin"]
[Result "1/2-1/2"]
[WhiteElo "2357"]
[BlackElo "2289"]
[PlyCount "123"]
[EventDate "2005.03.04"]
[EventType "swiss"]
[EventRounds "5"]
[EventCountry "CAN"]
[SourceTitle "EXT 2006"]
[Source "ChessBase"]
[SourceDate "2005.11.24"]
[SourceVersion "1"]
[SourceVersionDate "2005.11.24"]
[SourceQuality "1"]

1. e4 e5 2. Nf3 Nc6 3. Bb5 a6 4. Ba4 Nf6 5. 0-0 Be7 6. Re1 b5 7. Bb3 d6 8. c3 0-0 9. h3 Nd7 10. d4 Bf6 11. d5 Ne7 12. a4 Bb7 13. Bc2 Nc5 14. axb5 axb5 15. Rxa8 Qxa8 16. b4 Nd7 17. Na3 Ba6 18. c4 bxc4 19. b5 Bc8 20. Nxc4 Qb8 21. Bd3 Nc5 22. Bf1 Bd7 23. Ba3 Qa7 24. Qc1 Ra8 25. Bb4 Bxb5 26. Nxd6 cxd6 27. Bxc5 dxc5 28. Bxb5 Nc8 29. Bc6 Rb8 30. Qc3 Nd6 31. Nd2 c4 32. Nxc4 Qc5 33. Qa3 Qxc4 34. Qxd6 Rb2 35. Qa3 Rb8 36. Qe3 h6 37. Qe2 Qc3 38. Rd1 Rb2 39. Qd3 Qc5 40. Qf3 Rc2 41. Ba4 Rc3 42. Qf5 Rc1 43. Rxc1 Qxc1+ 44. Kh2 Qf4+ 45. Qxf4 exf4 46. g3 Be5 47. gxf4 Bxf4+ 48. Kg2 f5 49. Kf3 Bd6 50. exf5 Kf7 51. Ke4 Ke7 52. f3 Bc7 53. Kd4 Bd6 54. Kc4 Ba3 55. Kb5 Kd6 56. f6 gxf6 57. Kc4 Ke5 58. Bd7 Bd6 59. Bg4 Ba3 60. Kb3 Bd6 61. Kc4 Ba3 62. Kb3 1/2-1/2

[Event "Ontario Closed"]
[Site "Ottawa"]
[Date "2005.03.05"]
[Round "3"]
[White "Djerkovic, Miladin"]
[Black "Molchanov, Yevhen"]
[Result "1/2-1/2"]
[WhiteElo "2289"]
[BlackElo "2186"]
[PlyCount "20"]
[EventDate "2005.03.04"]
[EventType "swiss"]
[EventRounds "5"]
[EventCountry "CAN"]
[SourceTitle "EXT 2006"]
[Source "ChessBase"]
[SourceDate "2005.11.24"]
[SourceVersion "1"]
[SourceVersionDate "2005.11.24"]
[SourceQuality "1"]

1. d4 d5 2. c4 c6 3. e3 Nf6 4. Nc3 e6 5. Nf3 Nbd7 6. Qc2 Bd6 7. Bd3 0-0 8. 0-0 Qe7 9. e4 dxc4 10. Bxc4 e5 1/2-1/2

[Event "Ontario Closed"]
[Site "Ottawa"]
[Date "2005.03.04"]
[Round "1"]
[White "Pacey, Kevin"]
[Black "Djerkovic, Miladin"]
[Result "1/2-1/2"]
[WhiteElo "2210"]
[BlackElo "2289"]
[PlyCount "41"]
[EventDate "2005.03.04"]
[EventType "swiss"]
[EventRounds "5"]
[EventCountry "CAN"]
[SourceTitle "EXT 2006"]
[Source "ChessBase"]
[SourceDate "2005.11.24"]
[SourceVersion "1"]
[SourceVersionDate "2005.11.24"]
[SourceQuality "1"]

1. d4 Nf6 2. c4 e6 3. Nc3 Bb4 4. e3 c5 5. Bd3 Nc6 6. Nge2 cxd4 7. exd4 d5 8. cxd5 Nxd5 9. 0-0 0-0 10. Bc2 b6 11. Qd3 g6 12. a3 Be7 13. Bh6 Re8 14. Ba4 Bb7 15. Rac1 Rc8 16. Qd2 a6 17. Rfd1 b5 18. Bb3 Nxc3 19. Rxc3 Na5 20. Rxc8 Bxc8 21. Ba2 1/2-1/2

[Event "Ottawa-ch playoff"]
[Site "Ottawa"]
[Date "2004.12.05"]
[Round "2"]
[White "Predescu, Sebastian"]
[Black "Djerkovic, Miladin"]
[Result "1/2-1/2"]
[WhiteElo "2221"]
[BlackElo "2210"]
[PlyCount "69"]
[EventDate "2004.12.??"]
[EventType "match (rapid)"]
[EventRounds "2"]
[EventCountry "CAN"]
[SourceTitle "EXT 2006"]
[Source "ChessBase"]
[SourceDate "2005.11.24"]
[SourceVersion "1"]
[SourceVersionDate "2005.11.24"]
[SourceQuality "1"]

1. d4 Nf6 2. Nf3 d5 3. Bf4 e6 4. e3 Bd6 5. Bg3 Nbd7 6. Bd3 0-0 7. Nbd2 Qe7 8. Ne5 c5 9. c3 g6 10. 0-0 Nh5 11. Ndf3 Nxg3 12. hxg3 f6 13. Nxd7 Bxd7 14. dxc5 Bxc5 15. Qb3 b5 16. Rad1 Rad8 17. Qc2 f5 18. Be2 Bd6 19. b3 Rc8 20. Qb2 Qf6 21. Nd4 a6 22. c4 bxc4 23. bxc4 dxc4 24. Qb6 e5 25. Nf3 Rc6 26. Bxc4+ Kh8 27. Qb3 Rfc8 28. Bd5 Rc3 29. Qb6 Bb5 30. Bb7 Be7 31. Qxf6+ Bxf6 32. Bxc8 Bxf1 33. Kxf1 Rxc8 34. Rd6 Kg7 35. Rxa6 1/2-1/2

[Event "Ottawa-ch"]
[Site "Ottawa"]
[Date "2004.11.28"]
[Round "7"]
[White "Djerkovic, Miladin"]
[Black "Patterson, Roger"]
[Result "1/2-1/2"]
[WhiteElo "2210"]
[BlackElo "2187"]
[PlyCount "63"]
[EventDate "2004.10.??"]
[EventType "tourn"]
[EventRounds "7"]
[EventCountry "CAN"]
[SourceTitle "EXT 2006"]
[Source "ChessBase"]
[SourceDate "2005.11.24"]
[SourceVersion "1"]
[SourceVersionDate "2005.11.24"]
[SourceQuality "1"]

1. e4 e5 2. Nf3 Nc6 3. Bb5 a6 4. Ba4 Nf6 5. 0-0 b5 6. Bb3 Bc5 7. a4 Bb7 8. Nc3 b4 9. Nd5 d6 10. c3 bxc3 11. bxc3 h6 12. d4 Ba7 13. Nxf6+ Qxf6 14. Bd5 0-0 15. Rb1 Bb6 16. dxe5 dxe5 17. Be3 Na5 18. Bxb7 Nxb7 19. Qd5 Bxe3 20. Rxb7 Bb6 21. Nxe5 Rad8 22. Nd7 Qxc3 23. Qf5 Qc6 24. Nxf8 Rxf8 25. Qd5 Qxa4 26. h3 Re8 27. e5 Qf4 28. e6 fxe6 29. Qc6 Qf7 30. Kh1 Rd8 31. f4 Qf5 32. Rxb6 1/2-1/2

[Event "CAN-ch"]
[Site "Toronto"]
[Date "2004.08.24"]
[Round "5"]
[White "Djerkovic, Miladin"]
[Black "Quan, Zhe"]
[Result "1/2-1/2"]
[WhiteElo "2210"]
[BlackElo "2324"]
[PlyCount "123"]
[EventDate "2004.08.20"]
[EventType "swiss"]
[EventRounds "9"]
[EventCountry "CAN"]
[SourceTitle "CBM 101 Extra"]
[Source "ChessBase"]
[SourceDate "2004.09.01"]
[SourceVersion "2"]
[SourceVersionDate "2004.09.01"]
[SourceQuality "1"]

1. e4 c5 2. Nf3 d6 3. d4 cxd4 4. Nxd4 Nf6 5. Nc3 a6 6. h3 g6 7. Bc4 Bg7 8. Bb3 Nbd7 9. 0-0 Nc5 10. Re1 0-0 11. Bg5 Nxb3 12. axb3 h6 13. Bh4 Kh7 14. Nd5 e6 15. Nxf6+ Bxf6 16. Bxf6 Qxf6 17. Nb5 Rd8 18. Qd2 b6 19. Nxd6 e5 20. Rad1 Ra7 21. Re3 Be6 22. Rd3 Rc7 23. c4 Rb8 24. b4 Bxc4 25. Qc1 Qe7 26. Rc3 b5 27. Rd5 Bxd5 28. Nf5 gxf5 29. Rxc7 Qd6 30. exd5 Qxd5 31. Rc6 f4 32. Qc2+ Kg7 33. Rc5 Qe6 34. Qe4 Re8 35. Rc6 Qd7 36. Rxa6 Re6 37. Ra5 Qe8 38. Ra8 Qe7 39. Rb8 Qd7 40. Rb7 Qe8 41. Qe2 Rg6 42. Qxb5 Qe6 43. Qd7 Qxd7 44. Rxd7 Rb6 45. Rd5 Rxb4 46. Rxe5 f3 47. g4 Rxb2 48. Rf5 Kg6 49. Rxf3 Rb5 50. h4 h5 51. g5 Rb4 52. Rf6+ Kg7 53. f4 Rb2 54. Ra6 Rb4 55. Rf6 Rb2 56. Rf5 Ra2 57. Kh1 Rb2 58. Rf6 Ra2 59. Rh6 Rf2 60. Rxh5 Rxf4 61. Rh6 f6 62. Rxf6 1/2-1/2

[Event "CAN-ch"]
[Site "Toronto"]
[Date "2004.08.22"]
[Round "3"]
[White "Spraggett, Kevin"]
[Black "Djerkovic, Miladin"]
[Result "1-0"]
[WhiteElo "2584"]
[BlackElo "2210"]
[PlyCount "93"]
[EventDate "2004.08.20"]
[EventType "swiss"]
[EventRounds "9"]
[EventCountry "CAN"]
[SourceTitle "CBM 101 Extra"]
[Source "ChessBase"]
[SourceDate "2004.09.01"]
[SourceVersion "2"]
[SourceVersionDate "2004.09.01"]
[SourceQuality "1"]

1. e4 e5 2. Nf3 Nc6 3. Bb5 a6 4. Ba4 Nf6 5. 0-0 Be7 6. Re1 b5 7. Bb3 d6 8. c3 0-0 9. h3 Nd7 10. d4 Bf6 11. d5 Ne7 12. a4 Bb7 13. axb5 axb5 14. Rxa8 Qxa8 15. Na3 Ba6 16. Nc2 Nc5 17. Nb4 Nxb3 18. Qxb3 Bc8 19. Be3 Bd7 20. Qc2 Ng6 21. Qd2 Be7 22. Nh2 Qe8 23. g4 Nh4 24. f3 Kh8 25. Ra1 g6 26. Bg5 Qd8 27. Bxe7 Qxe7 28. Ra7 f5 29. Qe3 fxe4 30. fxe4 Rf7 31. Rxc7 Qf8 32. Ra7 h5 33. Nc2 hxg4 34. hxg4 g5 35. Ne1 Ng6 36. Nef3 Nf4 37. Nxg5 Rg7 38. Ne6 Bxe6 39. Rxg7 Qxg7 40. dxe6 Qh6 41. e7 Qg6 42. Qa7 Nh3+ 43. Kf1 Qe8 44. Nf3 Kg7 45. Nh4 Kf6 46. Nf5 Qf7 47. e8N+ 1-0

[Event "Ottawa Reserves"]
[Site "Ottawa"]
[Date "2002.11.11"]
[Round "6"]
[White "De Kerpel, Stijn"]
[Black "Djerkovic, Miladin"]
[Result "0-1"]
[WhiteElo "2078"]
[BlackElo "2169"]
[PlyCount "68"]
[EventDate "2002.10.06"]
[EventType "tourn"]
[EventRounds "6"]
[EventCountry "CAN"]
[SourceTitle "EXT 2022"]
[Source "ChessBase"]
[SourceDate "2021.10.06"]
[SourceVersion "1"]
[SourceVersionDate "2021.10.06"]
[SourceQuality "1"]

1. c4 c5 2. Nc3 Nf6 3. e4 Nc6 4. g3 g6 5. Bg2 Bg7 6. Nge2 d6 7. 0-0 0-0 8. d3 e6 9. a3 Rb8 10. Rb1 a6 11. b4 cxb4 12. axb4 b5 13. cxb5 axb5 14. d4 d5 15. exd5 Nxd5 16. Nxd5 exd5 17. Be3 Bf5 18. Rb2 Re8 19. Qd2 Be4 20. f3 Bf5 21. Kh1 h5 22. Rc1 Qd7 23. Bf2 Kh7 24. Rc3 Ra8 25. h4 Rxe2 26. Qxe2 Nxd4 27. Qd2 Ne6 28. Rcb3 Bxb2 29. Rxb2 Ra3 30. Kh2 d4 31. Qd1 Qd5 32. Be1 Qe5 33. Qd2 d3 34. Qf2 Ra1 0-1